කාන්තා සහ ගැහැනු දරු ආරක්ෂණය පිළිබඳ ශ්‍රී ලංකා නීති නාමාවලිය (Record no. 4514)

MARC details
000 -LEADER
fixed length control field 00806nam a2200181 4500
003 - CONTROL NUMBER IDENTIFIER
control field LK-CoMWRAF
005 - DATE AND TIME OF LATEST TRANSACTION
control field 20231218091732.0
008 - FIXED-LENGTH DATA ELEMENTS--GENERAL INFORMATION
fixed length control field 231218b |||||||| |||| 00| 0 eng d
020 ## - INTERNATIONAL STANDARD BOOK NUMBER
International Standard Book Number 9789550249152
040 ## - CATALOGING SOURCE
Original cataloging agency LK-CoMWRAF
Modifying agency LK-CoMWRAF
Description conventions LK-CoMWRAF
041 ## - LANGUAGE CODE
Language code of text/sound track or separate title Sinhala; Sinhalese
082 ## - DEWEY DECIMAL CLASSIFICATION NUMBER
Classification number 323.34
Item number KAN
942 ## - ADDED ENTRY ELEMENTS (KOHA)
Koha item type Books
700 ## - ADDED ENTRY--PERSONAL NAME
Personal name දිසානායක, සාලින්ද සිරිමංගල
Relator Term illustrator
245 ## - TITLE STATEMENT
Title කාන්තා සහ ගැහැනු දරු ආරක්ෂණය පිළිබඳ ශ්‍රී ලංකා නීති නාමාවලිය
246 ## - VARYING FORM OF TITLE
Title proper/short title Kantha saha gehanu daru arakshanaya pilibanda Sri lanka nithi namavaliya
260 ## - PUBLICATION, DISTRIBUTION, ETC. (IMPRINT)
Place of publication, distribution, etc. නුගේගොඩ :
Name of publisher, distributor, etc. ළමා හා කාන්ත කටයුතු අමාත්‍යාංශය,
Date of publication, distribution, etc. 2012
Holdings
Withdrawn status Lost status Damaged status Not for loan Permanent Location Current Location Date acquired Full call number Barcode Koha item type
        Resource center, Muslim Women's Research And Action Forum Resource center, Muslim Women's Research And Action Forum 2023-12-18 323.34 KAN RAF664 Books

Copyright © 2023 Muslim Women's Research and Action Forum (MWRAF), No 27/3, Anderson Road, Kalubowila, Dehiwela. Funded by The Asia Fundation